00547 2200181 4500245008000000020002200080250001000102100002700112700002200139650003200161650001000193005001900203260008200222041001400304084001200318300002600330336000900356 aTata Cara dan Mekanisme Pengawasan Bahasa IndonesiacWawan PrihartonohText a978-623-118-878-6 aCet.1 aWawan Prihartono, dkk. aEndah Nur Fatimah aPengawasan Bahasa Indonesia aEbook a20250317084318 aJakarta TimurbKementerian Pendidikan, Kebudayaan, Riset, dan Teknologic2023 aIndonesia a499.221 aii, 75 hlm. :c21 cm. atext